书目信息 |
| 书名: | Pain-Free Arthritis | |
| 作者: | Harris H. McIlwain | |
| 分册号: | ||
| 分册名: | 出版地: | NEW YORK |
|
| 出版社: | Henry Holt and Company | |
| 出版时间: | 2003 | |
| 页数: | 302P | |
| 开本: | 23CM | |
| 丛书名: | ||
| 中图分类号: | ||
| 科图分类号: | ||
| 其他分类号: | R684.309 | |
| 主题词: | ||
| 电子资源: | ||
| 000 | 00403nam0 2200145 450 | |
| 001 | 202012001057 | |
| 005 | 20121108090515.0 | |
| 008 | 12102701s | |
| 020 | @a9780805073256@c$16.99 | |
| 099 | @dR684.309@eH3142 | |
| 245 | 10 | @aPain-Free Arthritis@cHarris H. McIlwain |
| 260 | 0 | @aNEW YORK@bHenry Holt and Company@c2003 |
| 300 | @a302P@c23CM | |
| 905 | @b009971 | |
| 905 | @aTSG@dR684.309@eH3142 | |
| Pain-Free Arthritis / Harris H. McIlwain.-NEW YORK : Henry Holt and Company , 2003 |
| 302P ; 23CM |
| ISBN 9780805073256$16.99 |
| ● |
| 相关链接 |
|
|
|
正题名:Pain-Free Arthritis
索取号:R684.309/H3142
 
预约/预借
| 序号 | 登录号 | 条形码 | 馆藏地/架位号 | 状态 | 备注 |
| 1 | 9971 | 300099710 | 自科库401/401自科库 19排4列3层/ [索取号:R684.309/H3142] | 在馆 |